Test culture générale- 27 - Statistiques

Statistiques générales
  • Ce quiz a été pris 2 507 fois
    2 374 depuis la dernière actualisation
  • Le résultat moyen est 3 sur 10
Statistiques - réponses
Questions Réponses % Correct
Quel est le premier long métrage d’animation des studios Walt Disney? Blanche-Neige et les Sept Nains
76%
Quel État a pour capitale Ljubljana? La Slovénie
64%
Qui est l’auteur qui a rédigé « Le comte de Monte-Cristo »? Alexandre Dumas
59%
En 1305, dans quelle ville le Pape part-il s’installer au détriment de Rome? À Avignon
41%
Parmi les animaux marins lequel est le plus rapide du monde? L’espadon voilier
33%
Avec quel groupe Manu Chao chantait-il « Mala Vida » en 1988? La Mano Negra
27%
À la veille de quelle Révolution, Lamartine a-t-il déclaré: « La France s’ennuie »? Celle de 1848
14%
Qui a construit la Statue de la Liberté? Auguste Bartholdi
13%
Où vit le Petit Prince? Sur l’astéroïde B 612
13%
Quel est le nom de l’inventeur du thermomètre à mercure? Gabriel Fahrenheit
8%
Aucun quiz correspondant
Distribution des résultats
% des personnes avec chaque résultat
Percentile par nombre de réponses
Votre historique - résultats
Vous n’avez pas pris ce quiz depuis la dernière actualisation